000 01329nam a2200157Ia 4500
005 20260225135611.0
008 260225s9999 xx 000 0 und d
020 _a9780684863702
082 _a338.7409
_bAUS
100 _aAustin, James E.
245 0 _aStrategic Management In Developing Countries /
_cAustin, James E.
260 _bFree Press,
_c1998
520 _aJames E. Austin’s case studies are designed to help managers effectively compete in the Third World business environment. Designed for business school courses and in-house company training programs, this companion to Managing in Developing Countries presents 35 case studies organized around Professor Austin's Environmental Analysis Framework, a powerful, field-tested tool designed to help managers examine, prepare for and compete in the Third World business environment. Through comprehensive and thoroughly tested classroom-tested cases, Austin systematically examines the economic, political, and cultural factors of each country at international, national, industry, and company levels. The cases also reveal the critical strategic issues and operating problems that managers will encounter in developing countries--in governmental relations, finance, marketing, production, and organization.
650 _aBusiness & Economics
942 _cENGLISH
999 _c615552
_d615552